Statistics for Antigua and Barbuda Country Quiz

Click here to take the quiz!

General Stats

  • This quiz has been taken 9,155 times
    (9,061 since last reset)
  • The average score is 10 of 15

Answer Stats

HintAnswer% Correct
Sea the country is located inCaribbean Sea
99%
Official languageEnglish
99%
Country that controlled it, 1632–1981United Kingdom
97%
The above is part of this
bigger archipelago
Lesser {Antilles}
94%
Currency shared with seven
other countries and territories
East Caribbean
Dollar
90%
Most popular sportCricket
90%
Industry which accounts for
about 50% of GDP
Tourism
87%
Capital citySt. John's
67%
Meaning of "Antigua" in SpanishOld
65%
Infectious disease thought to
have killed most of the
country's native inhabitants
Smallpox
64%
Name of Boggy Peak, the highest
peak in the country, from 2009–2016
(hint: a U.S. political leader)
Mount {Obama}
51%
Meaning of "Barbuda" in Spanish{Beard}ed
49%
Group of islands it is part of{Leeward} Islands
44%
Main city on Barbuda{Codring}ton
22%
Last name of father/son
leaders Vere and Lester
Bird
19%

Score Distribution

Percentile by Number Answered

Percent of People with Each Score

Your Score History

You have not taken this quiz since the last reset